| 000 | 00420cam a22001217a 4500 | ||
|---|---|---|---|
| 008 | 180718b1971 xxu||||| |||| 00| 0 eng d | ||
| 082 | _aL27x42 Un3v | ||
| 245 |
_aValue added tax: a report _cby National Economic Department Office, United Kingdom |
||
| 260 |
_aLondon _bHer Majesty's Stationery Office _c1971 |
||
| 300 | _a112+p. | ||
| 650 | _aTaxation - U.K. | ||
| 700 | _aUnited Kingdom. National Economic Department Office | ||
| 999 |
_c416326 _d416326 |
||